Statistiques concernant Buteurs italiens en Coupe du Monde

Cliquez ici pour prendre le quiz!

Statistiques générales

  • Ce quiz a été pris 121 fois
  • Le résultat moyen est 14 sur 60

Statistiques - réponses

Nombre de butsClubNom du joueur% Correct
2JuventusAlessandro Del Piero
88%
1AS RomeDaniele De Rossi
79%
9Fiorentina, Juventus, FC BologneRoberto Baggio
79%
2JuventusDino Baggio
76%
1AS RomeFrancesco Totti
73%
1AC MilanAndrea Pirlo
69%
9LR Vicence, JuventusPaolo Rossi
67%
2Inter MilanMarco Materazzi
65%
9Atlético Madrid, Inter MilanChristian Vieri
57%
1AC MilanFilippo Inzaghi
55%
1SS PalermeFabio Grosso
54%
2FiorentinaLuca Toni
53%
1AC MilanMario Balotelli
51%
3Inter MilanGiuseppe Meazza
34%
1JuventusGianluca Zambrotta
32%
3Cagliari CalcioLuigi Riva
31%
1UdineseAntonio Di Natale
30%
1JuventusClaudio Marchisio
30%
3AC MilanGianni Rivera
30%
6JuventusSalvatore Schillaci
26%
1AC MilanAlberto Gilardino
25%
1SS NaplesFabio Quagliarella
25%
5Inter MilanAlessandro Altobelli
24%
2JuventusMarco Tardelli
20%
2JuventusVincenzo Iaquinta
19%
5SS LazioSilvio Piola
17%
1Inter MilanSandro Mazzola
14%
2Inter MilanRoberto Boninsegna
12%
1AS RomeBruno Conti
11%
1AS RomeLuigi Di Biagio
11%
2JuventusRoberto Bettega
11%
1JuventusAntonio Cabrini
9%
1AC MilanDaniele Massaro
8%
1JuventusFranco Causio
7%
1JuventusGiampiero Boniperti
6%
2AC Milan, JuventusRomeo Benetti
6%
1JuventusFabio Capello
5%
4TriestinaGino Colaussi
5%
2JuventusGiovanni Ferrari
5%
3JuventusRaimundo Orsi
5%
1FiorentinaFrancesco Graziani
4%
1AS RomeGiuseppe Giannini
4%
1Inter MilanTarcisio Burgnich
4%
1Cagliari CalcioAngelo Domenghini
3%
4FC BologneAngelo Schiavio
3%
1JuventusPietro Anastasi
3%
2Torino CalcioRiccardo Carapellese
3%
1Inter MilanBenito Lorenzi
2%
1JuventusBruno Mora
2%
2Fiorentina, AS RomeEgisto Pandolfini
2%
2FC BologneGiacomo Bulgarelli
2%
1AS RomePaolo Barison
2%
1FC TorinoRenato Zaccarelli
2%
1Inter MilanAldo Serena
1%
1AC MilanAmleto Frignani
1%
1AS RomeCarlo Galli
1%
1AS RomeEnrique Guaita
1%
1JuventusErmes Muccinelli
1%
1Inter MilanFulvio Nesti
1%
1Inter MilanPietro Ferraris
1%

Distribution des résultats

Percentile par nombre de réponses

% des personnes avec chaque résultat

Votre développement - résultats

Vous n’avez pas pris ce quiz